000 00814nam a22002537a 4500
003 0
005 20160609170353.0
008 110107t xxu||||| |||| 00| 0 eng d
037 _aR16559
_bBIBLIO
040 _aEPAC
_bF
_cBIBLIO
082 _a26.APE/LEG
100 _aSèna H. LEGBAGAH
_913657
245 _aGestion des déchets solides au marché Dantokpa: états des lieux et perspectives
250 _aCAP
260 _aEPAC
_bBIBLIO
_c2005-2006
300 _a46p
_bIll. en coul.
_c30cm
440 _n4parties
_913658
500 _aListe des tableaux ; liste des figures et photos; liste des sigles et abréviations; références bibliographiques
650 _aDECHET DANTOKPA
_913659
650 _aGESTION
_913660
650 _aPERSPECTIVE
_913661
700 _aCHOUGOUROU Daniel
_913662
942 _cTHE
999 _c48847
_d48847